000 00371pab a2200145 454500
008 180718b2004 xxu||||| |||| 00| 0 eng d
100 _aChoudhary, Bikramaditya Kumar
245 _aNon-informal initiatives in solid waste management
260 _c2004
300 _ap.7-13.
362 _a2003
650 _aWaste treatment
773 _aSocial Profile
909 _a60977
999 _c60977
_d60977